000 00670nam a22001697a 4500
999 _c166886
_d166886
010 _aENG-126163
020 _a978-93-8546-234-4
_c1495.00
035 _aEN-109695
037 _bDBAD/PUB
082 _a381.3
245 _aContemporary Issues in Trade, Environment and Policy/
_cedited by Ananya Ghosh Dastudar[and]Yamini Gupt
260 _aNew Delhi
_bAne Books Pvt.Ltd.
_c2016
270 _a4821,Parwana Bhawan,1st Floor24 Ansari Road, Darya Ganj
_bNew Delhi
_e110002
_k+91(011)23276843
_l+91(011)23276863
_mkapoor@anebooks.com
300 _axix201p.
_c24cm(hb)
_bill
700 _aAnanya Ghosh Dastudar[and]Yamini Gupt
942 _2ddc
_cEN
_h381.3
_mCON